Statistiques concernant Culture Générale - Série 2148

Cliquez ici pour prendre le quiz!

Statistiques générales

  • Ce quiz a été pris 97 fois
  • Le résultat moyen est 5 sur 10

Statistiques - réponses

QuestionRéponse% Correct
Quel mot anglais signifiant "faux bourdon" désigne un aéronef sans-pilote, donc sans humain à bord (le plus souvent télécommandé) ?drone
86%
Quelle était la spécialité artistique de Rosa Bonheur (1822-1899) ?peinture
71%
Dans quelle matière Louis Néel a-t-il obtenu le prix Nobel en 1970 ?physique
68%
Quel sport pratique l'international français Wesley Fofana ? voir photorugby
68%
Dans la mythologie grecque,quelle magicienne transforma en cochons les compagnons d'Ulysse ?Circé
56%
Qui incarne "Violette Nozière" dans le film du même nom, réalisé en 1978 par Claude Chabrol ? prénom et nomIsabelle Huppert
41%
Quel musicien italien prénommé Antonio (1750-1825) était considéré comme le rival de Mozart ?Salieri
32%
Quel fleuve arrose la ville espagnole de Saragosse ?Ebre
28%
Sur quelle île du Japon la ville de Naha est-elle située ?Okinawa
11%
Dans quel pays se trouve le parc national d'Amboseli ?Kenya
9%

Distribution des résultats

Percentile par nombre de réponses

% des personnes avec chaque résultat

Votre développement - résultats

Vous n’avez pas pris ce quiz